MARC

LEADER 00000nam0a2200000 4500
001 75298
005 20231101212816.0
035 |a (RuTPU)RU\TPU\book\80280 
090 |a 75298 
100 |a 20050322d1984 m y0rusy50 ca 
101 0 |a rus 
102 |a RU 
105 |a a j 001zy 
200 1 |a Примеры и задачи по курсу "Процессы и аппараты химической промышленности"  |e учебное пособие  |f П. Г. Романков, М. И. Курочкина 
210 |a Ленинград  |c Химия  |d 1984 
215 |a 229 с.  |c ил. 
225 1 |a Для техникумов 
320 |a Литература: с. 202. 
606 1 |a Химические процессы и установки в целом  |2 stltpush  |3 (RuTPU)RU\TPU\subj\72033  |9 85649 
610 1 |a химическая промышленность 
610 1 |a химическая технология 
610 1 |a гидромеханические процессы 
610 1 |a гидравлика 
610 1 |a насосы 
610 1 |a вентиляторы 
610 1 |a компрессоры 
610 1 |a осаждение 
610 1 |a фильтрование 
610 1 |a центрифугирование 
610 1 |a перемешивание 
610 1 |a псевдоожижение 
610 1 |a тепловые процессы 
610 1 |a выпаривание 
610 1 |a массообменные процессы 
610 1 |a абсорбция 
610 1 |a перегонка 
610 1 |a ректификация 
610 1 |a сушка 
610 1 |a примеры 
610 1 |a задачи 
610 1 |a учебные пособия 
675 |a 66.02(076)(075.8)  |v 3 
700 1 |a Романков  |b П. Г.  |g Петр Григорьевич 
701 1 |a Курочкина  |b М. И.  |g Мария Ивановна 
801 1 |a RU  |b 63413507  |c 20050322  |g PSBO 
801 2 |a RU  |b 63413507  |c 20201021  |g PSBO 
900 |a Процессы и аппараты химической технологии 
942 |c BK